000
00326 a2200109 4500
001
ART_49984
005
20260410161729.0
008
260409a
245
1
0
_a
¿Existió el socialismo alguna vez, y tiene porvenir?
100
1
_a
Bunge, Mario
773
0
_t
Lecciones y ensayos
_g
- Nº 88 (ago. 2010)
_w
REV2658
999
_c
17724
_d
17724